| 000 | 01239nam a2200253 a 4500 | ||
|---|---|---|---|
| 001 | MEB026637 | ||
| 003 | PILC | ||
| 005 | 20150320120739.0 | ||
| 008 | |||
| 020 | _a9789715848930 | ||
| 050 |
_aRT 82 _b.V569 2010 |
||
| 110 | _aVenzon, Lydia M. | ||
| 245 | 0 |
_aProfessional nursing in the Philippines / _cLydia M. Venzon, Ronald M. Venzon. |
|
| 250 | _a11th ed. | ||
| 260 |
_aQuezon City : _bC & E Publishing, _cc2010. |
||
| 300 |
_axxi, 501 pages : _c22 cm. |
||
| 505 |
_gNursing as a profession -- _tLicense to practice nursing -- _tThe licensing board -- _tDifferent fields of nursing -- _tNursing opportunities abroad -- _tChoosing, retaining, resigning and dismissal from a position -- _tContracts -- _tNursing ethics -- _tMoral and spiritual responsibilities of nurses -- _tCode of ethics for Filipino nurse -- _tLaws governing the practice of nursing -- _tLegal aspects and the nurse -- _tContinuing education in nursing -- _tNursing associations in the Philippines -- _tInternational nursing and allied organizations. |
||
| 521 | _aNursing | ||
| 650 | _aNursing. | ||
| 650 |
_aNursing _xPractice _zPhilippines. |
||
| 650 |
_aNursing _xStandards. |
||
| 700 | _aVenzon, Ronald M. | ||
| 942 |
_2lcc _cBK |
||
| 999 |
_c283804 _d283804 |
||